[Event "Madrid-ch Previa A"]
[Site "Madrid"]
[Date "2023.02.08"]
[Round "3.38"]
[White "Reina Cascos, Antonio"]
[Black "Lopez Del Moral Lopez De, Rafael"]
[Result "1/2-1/2"]
[WhiteElo "1179"]
[BlackElo "1480"]
[PlyCount "74"]
[EventDate "2023.02.06"]
[EventType "swiss"]
[EventRounds "9"]
[EventCountry "ESP"]
[SourceTitle "EXT 2024"]
[Source "ChessBase"]
[SourceDate "2023.10.10"]
[SourceVersion "1"]
[SourceVersionDate "2023.10.10"]
[SourceQuality "1"]

1. d4 d5 2. Nf3 Nf6 3. e3 Bf5 4. Bd3 e6 5. Bxf5 exf5 6. Qd3 Ne4 7. 0-0 c6 8. c4 Bd6 9. Nc3 0-0 10. cxd5 cxd5 11. Nxd5 Bxh2+ 12. Kxh2 Qxd5 13. Kg1 Nd7 14. Rd1 Rfd8 15. b3 Rac8 16. Bb2 Rc6 17. Rac1 Rg6 18. Qc4 Qc6 19. Qxc6 bxc6 20. Ne5 Nxe5 21. dxe5 Ra8 22. Rd7 h5 23. Rc7 Rd8 24. Bd4 c5 25. Bxc5 Rd2 26. Rf1 h4 27. Kh2 Nxf2 28. e4 Ng4+ 29. Kh3 Nh2 30. Rf2 Rxf2 31. Bxf2 Ng4 32. Bxa7 fxe4 33. Bd4 e3 34. Rc1 Nf2+ 35. Kh2 Ng4+ 36. Kh3 Nf2+ 37. Kh2 Ng4+ 1/2-1/2

[Event "Madrid-ch Seniors 50"]
[Site "Madrid"]
[Date "2022.03.31"]
[Round "4"]
[White "Alberdi Garcia, Carlos Alfonso"]
[Black "Lopez Del Moral Lopez De, Rafael"]
[Result "1-0"]
[WhiteElo "1681"]
[BlackElo "1432"]
[PlyCount "83"]
[EventDate "2022.03.28"]
[EventType "swiss"]
[EventRounds "9"]
[EventCountry "ESP"]
[SourceTitle "EXT 2023"]
[Source "ChessBase"]
[SourceDate "2022.10.05"]
[SourceVersion "1"]
[SourceVersionDate "2022.10.05"]
[SourceQuality "1"]

1. d4 d5 2. Nf3 Nf6 3. e3 Bf5 4. Bd3 e6 5. 0-0 Bd6 6. c3 0-0 7. Qe2 Nbd7 8. Nbd2 Ne4 9. Re1 Re8 10. c4 c6 11. Nf1 Rc8 12. Ng3 Bg6 13. Qc2 Ndf6 14. Ne5 Qc7 15. Nxg6 Bxg3 16. hxg3 fxg6 17. b3 Rf8 18. Ba3 Rf7 19. Qe2 Nxf2 20. Qxf2 Ne4 21. Qe2 Qxg3 22. Bxe4 dxe4 23. Rf1 Rcf8 24. Rxf7 Rxf7 25. Rf1 Rf5 26. Rxf5 gxf5 27. Bb4 h5 28. Be1 Qg6 29. Bh4 Kh7 30. Qf2 Qg4 31. Qf4 Qxf4 32. exf4 Kg8 33. Kf2 Kf7 34. Ke3 Ke8 35. d5 Kd7 36. Kd4 Kd6 37. c5+ Kd7 38. d6 b5 39. b4 a6 40. Bf2 Ke8 41. Ke5 Kd7 42. Bh4 1-0